[Event "Abierto Legislatura Norberto La Porta in memoriam"]
[Site "Buenos Aires, ARG"]
[Date "2009.04.06"]
[Round "3.26"]
[White "Blit, Jacques"]
[Black "Lopez Rebert, Pablo"]
[Result "1-0"]
[WhiteElo "2324"]
[BlackElo "2107"]

1. e4 c5 2. Nf3 Nc6 3. Bc4 e6 4. d4 cxd4 5. Nxd4 Nf6 6. Nc3 Bb4 7. Nxc6 bxc6
8. O-O d5 9. exd5 exd5 10. Bd3 Bg4 11. Re1+ Be6 12. Qf3 O-O 13. Bg5 Be7 14.
Ne2 Qd7 15. Nd4 Bg4 16. Rxe7 Bxf3 17. Rxd7 Nxd7 18. Nxf3 f6 19. Bf4 Kf7 20.
Bf5 Nb6 21. Nd4 c5 22. Ne6 g6 23. Nxf8 gxf5 24. Bd6 Na4 25. Nd7 Rd8 26. Nxc5
Nxb2 27. Rb1 Nc4 28. Rb7+ Kg6 29. Bf4 Rc8 30. Ne6 Re8 31. Rg7+ Kh5 32. h3 Rxe6
33. g4+ fxg4 34. hxg4+ Kh4 35. Kh2 1-0

[Event "Abierto Legislatura Norberto La Porta in memoriam"]
[Site "Buenos Aires, ARG"]
[Date "2009.04.06"]
[Round "3.27"]
[White "Molina, Pablo Sebastian"]
[Black "Meza, Hugo"]
[Result "0-1"]
[WhiteElo "1959"]
[BlackElo "2315"]

1. e4 c5 2. Nf3 g6 3. d4 Bg7 4. c4 cxd4 5. Nxd4 Nc6 6. Be3 d6 7. Nc3 Nh6 8.
Be2 O-O 9. h3 f5 10. Bxh6 Bxh6 11. exf5 Qb6 12. Nb3 gxf5 13. O-O Kh8 14. Nd5
Qd8 15. f4 Bg7 16. Rb1 Be6 17. Kh1 Bg8 18. Qd2 e6 19. Ne3 Qe7 20. Rg1 Rad8 21.
g4 Qh4 22. Kh2 Qf2+ 23. Ng2 fxg4 24. Rbf1 g3+ 25. Kh1 Qb6 26. Ne1 Nd4 27.
Rxg3 Nf5 28. Rgf3 Bf7 29. Ng2 Bf6 30. Rd3 Rg8 31. Bg4 h5 32. Bxf5 exf5 33. Rd5
Bxd5 34. cxd5 Rg3 35. Kh2 Rdg8 36. Rf2 R8g6 37. Qe2 Kg7 38. Nd2 Qxb2 39. Ne3
Qc3 40. Ndf1 h4 41. Nxf5+ Kf8 42. N1e3 Bd4 43. Nxh4 Qxe3 44. Nxg6+ Rxg6 45.
Qxe3 Bxe3 46. Rf3 Bg1+ 47. Kh1 Bc5 48. a4 Rg1+ 49. Kh2 Ra1 50. Kg3 Rxa4 51.
Kg4 Kf7 52. Kh5 Rd4 53. h4 Rxd5+ 54. Kh6 Rf5 0-1

[Event "Abierto Legislatura Norberto La Porta in memoriam"]
[Site "Buenos Aires, ARG"]
[Date "2009.04.06"]
[Round "3.28"]
[White "Carcamo, Matias"]
[Black "Villanueva, Mario"]
[Result "0-1"]
[WhiteElo "1751"]
[BlackElo "2311"]

1. e4 e5 2. Nf3 Nf6 3. d4 Nxe4 4. Bd3 d5 5. Nxe5 Nd7 6. Nxf7 Kxf7 7. Qh5+ Ke6
8. Bxe4 dxe4 9. O-O Nf6 10. Qe5+ Kf7 11. Bg5 Bd6 12. Bxf6 Qxf6 13. Qxe4 c6
14. c3 Qf4 15. Qxf4+ Bxf4 16. g3 Bd6 17. Nd2 Re8 18. Rfe1 Be6 19. f4 Bd5 20.
c4 Bb4 21. Rxe8 Rxe8 22. cxd5 Bxd2 23. dxc6 bxc6 24. Kf1 Be3 25. Rd1 Rd8 26.
Rd3 Bxd4 27. b4 Bb6 28. Rc3 Rd1+ 29. Ke2 Rh1 0-1

[Event "Abierto Legislatura Norberto La Porta in memoriam"]
[Site "Buenos Aires, ARG"]
[Date "2009.04.06"]
[Round "3.29"]
[White "Wisniacki, Flavio"]
[Black "Ponzo, Fabian Alejandro"]
[Result "1-0"]
[WhiteElo "2297"]
[BlackElo "2097"]

1. c4 e5 2. Nf3 Nc6 3. Nc3 Nf6 4. g3 Bb4 5. Nd5 Bc5 6. Bg2 O-O 7. O-O d6 8.
d3 h6 9. Nd2 a6 10. a3 Bg4 11. b4 Nxd5 12. cxd5 Nd4 13. Re1 Ba7 14. h3 Bd7 15.
Nc4 Nf5 16. e3 Ne7 17. Kh2 f5 18. f4 b5 19. Na5 exf4 20. gxf4 Bb6 21. Bb2
Bxa5 22. bxa5 c5 23. dxc6 Bxc6 24. Rg1 Bxg2 25. Rxg2 g6 26. Qb3+ Kh7 27. Qe6
Qe8 28. Qxd6 Nc8 29. Qd4 Ra7 30. Rag1 Rc7 31. Rc1 Rd7 32. Qb4 Rg8 33. Be5 g5
34. Qd2 g4 35. hxg4 Rxg4 36. Kg1 Nd6 37. Qe2 Nf7 38. Rxg4 fxg4 39. Ba1 Qe7 40.
Rc3 Qh4 41. Qf2 g3 42. Qg2 Nd6 43. Rc2 Qg4 44. Qc6 h5 45. Qc3 Rd8 46. Rd2 h4
47. Qf6 Rc8 48. Bb2 h3 49. Qxd6 h2+ 50. Kg2 Qf3+ 51. Kxf3 h1=Q+ 52. Kg4 Rg8+
53. Kf5 Qh3+ 54. Ke4 Re8+ 55. Be5 Qh1+ 56. Kd4 Qa1+ 57. Ke4 Qh1+ 58. Kd4 Qa1+
59. Kd5 Qh1+ 60. e4 Qh4 61. Qd7+ Re7 62. Qf5+ 1-0

[Event "Abierto Legislatura Norberto La Porta in memoriam"]
[Site "Buenos Aires, ARG"]
[Date "2009.04.06"]
[Round "3.30"]
[White "Nedilski, Diego"]
[Black "Uelf, Maximiliano"]
[Result "1-0"]
[WhiteElo "2290"]
[BlackElo "2096"]

1. g3 d5 2. Bg2 e5 3. c4 dxc4 4. Qa4+ c6 5. Qxc4 Be6 6. Qa4 Nd7 7. Nc3 Ngf6
8. Nf3 Nd5 9. O-O Nxc3 10. bxc3 Bc5 11. Nxe5 Nxe5 12. d4 Bd6 13. dxe5 Bxe5 14.
Ba3 f6 15. Rab1 Qc8 16. Rxb7 Qxb7 17. Bxc6+ Bd7 18. Bxb7 Bxa4 19. Bxa8 Kd7
20. Be4 g6 21. Rb1 Bc6 22. Rd1+ Kc7 23. Bxc6 Kxc6 24. Kg2 Rb8 25. f4 Bc7 26.
e4 Rb6 27. Rd2 Rb1 28. Be7 Re1 29. Bxf6 Rxe4 30. Bd4 a6 31. Kf2 Re8 32. Re2
Rb8 33. Kf3 Rb1 34. Re6+ 1-0

[Event "Abierto Legislatura Norberto La Porta in memoriam"]
[Site "Buenos Aires, ARG"]
[Date "2009.04.06"]
[Round "3.31"]
[White "Landriel, Mario"]
[Black "Bianchi, Lucas"]
[Result "1/2-1/2"]
[WhiteElo "2271"]
[BlackElo "2090"]

1. Nf3 Nf6 2. g3 g6 3. Bg2 Bg7 4. O-O O-O 5. d3 d6 6. c4 e5 7. Nc3 Nc6 8. Bg5
h6 9. Bxf6 Bxf6 10. Rb1 Be6 11. b4 Ne7 12. Nd2 d5 13. Qc2 c6 14. b5 Nf5 15.
a4 Nd4 16. Qa2 Qa5 17. cxd5 cxd5 18. Bxd5 Nxe2+ 19. Nxe2 Bxd5 20. Qxd5 Qxd2
21. Qf3 Bg7 22. Rfd1 Qa5 23. Qxb7 Qxa4 24. Nc3 Qd4 25. Nd5 Rab8 26. Ne7+ Kh7
27. Qa6 Qc5 28. Nc6 Rb6 29. Qa4 Ra8 30. Qc4 Qf8 31. Ra1 a6 32. bxa6 Qc8 33.
Rdc1 Raxa6 34. Rxa6 Qxa6 35. Qd5 Qb7 36. Kg2 Rb5 37. Qf3 Rb3 38. h4 Qd7 39. Rd1
Rb6 40. Rc1 Rb3 1/2-1/2

[Event "Abierto Legislatura Norberto La Porta in memoriam"]
[Site "Buenos Aires, ARG"]
[Date "2009.04.06"]
[Round "3.32"]
[White "Benedetti, Claudio"]
[Black "Olivera, Horacio"]
[Result "0-1"]
[WhiteElo "1926"]
[BlackElo "2257"]

1. d4 Nf6 2. c4 d6 3. Nc3 c6 4. e4 e5 5. Nf3 Qc7 6. Be2 Bg4 7. O-O Nbd7 8.
Be3 Bxf3 9. Bxf3 Be7 10. Qd2 O-O 11. Rac1 Rfe8 12. Rfd1 Nf8 13. Be2 Rad8 14. f3
Ng6 15. d5 c5 16. g3 Qd7 17. Bf1 h6 18. Bg2 Rb8 19. Kh1 Bd8 20. h4 Ba5 21.
Kh2 Qe7 22. Bh3 a6 23. Bf5 b5 24. cxb5 axb5 25. Qg2 Qf8 26. Ne2 Bb6 27. b3 Qe7
28. Qf2 Qa7 29. Rc2 Ne7 30. Bh3 c4 31. Bxb6 Qxb6 32. Qxb6 Rxb6 33. bxc4 bxc4
34. Rdc1 Ra8 35. Nc3 g5 36. hxg5 hxg5 37. Bf1 g4 38. Kg2 Rb4 39. Rb1 Rxb1
40. Nxb1 gxf3+ 41. Kxf3 Nd7 42. Bxc4 f5 43. Bb3 fxe4+ 44. Kxe4 Nf6+ 45. Kf3 Nf5
46. Rd2 Nd4+ 47. Ke3 Nxb3 48. axb3 Rb8 49. Rb2 Nxd5+ 50. Ke4 Ne7 51. b4 Kf7
52. Nc3 Ke6 53. b5 d5+ 54. Kf3 Nc8 55. Na4 d4 56. g4 Kd5 57. g5 Nd6 58. b6
e4+ 59. Kf4 e3 60. g6 Rf8+ 61. Kg5 d3 62. b7 Ne4+ 63. Kh6 e2 64. b8=Q Rxb8 65.
Rxb8 e1=Q 66. Rd8+ Nd6 67. Kg7 0-1

[Event "Abierto Legislatura Norberto La Porta in memoriam"]
[Site "Buenos Aires, ARG"]
[Date "2009.04.06"]
[Round "3.33"]
[White "Cuevas, Alex"]
[Black "Ciruzzi, Luciano"]
[Result "1-0"]
[WhiteElo "2244"]
[BlackElo "1952"]

1. e4 e5 2. Nf3 Nc6 3. Bb5 a6 4. Bxc6 dxc6 5. O-O f6 6. d4 exd4 7. Nxd4 Bd6
8. f4 c5 9. Nf3 Be6 10. Qe2 Qd7 11. Nc3 O-O-O 12. Be3 Nh6 13. h3 Nf7 14. f5
Bxf5 15. exf5 Rhe8 16. Qf2 Qxf5 17. g4 Qe6 18. Bxc5 Bf4 19. Nd4 Qe5 20. Qxf4
Qxc5 21. Qf5+ Qxf5 22. Nxf5 Rd2 23. Rf2 Red8 24. Ne4 Rxf2 25. Kxf2 g6 26. Nfg3
Ne5 27. Ke2 1-0

[Event "Abierto Legislatura Norberto La Porta in memoriam"]
[Site "Buenos Aires, ARG"]
[Date "2009.04.06"]
[Round "3.36"]
[White "Julia, Ernesto"]
[Black "Bernal, Gustavo"]
[Result "1-0"]
[WhiteElo "2371"]
[BlackElo "2094"]

1. b4 e5 2. a3 g6 3. Bb2 Bg7 4. Nf3 d6 5. c4 Nh6 6. d3 O-O 7. Nbd2 f5 8. Qc2
a5 9. b5 a4 10. g3 Nd7 11. Bg2 Nc5 12. O-O f4 13. Rad1 Bg4 14. Ne4 Ne6 15. c5
Nf5 16. b6 d5 17. bxc7 Qxc7 18. Neg5 Nxg5 19. Nxg5 Qd7 20. Rfe1 Bh6 21. Nf3
fxg3 22. hxg3 Bxf3 23. exf3 Nd4 24. Bxd4 exd4 25. f4 Bg7 26. Rb1 Rac8 27. Rb6
Rc6 28. Qxa4 g5 29. Qb3 Rxc5 30. fxg5 Qf5 31. Rf1 Qxg5 32. Rxb7 Rxf2 33.
Rxg7+ Kxg7 34. Rxf2 Qxg3 35. Qd1 Qe3 36. Qg4+ Kh8 37. Qf4 Rc1+ 38. Kh2 Qxf4+ 39.
Rxf4 Rc3 40. Rxd4 Rxa3 41. Rxd5 Kg7 42. Be4 Ra7 43. Rd6 1-0

[Event "Abierto Legislatura Norberto La Porta in memoriam"]
[Site "Buenos Aires, ARG"]
[Date "2009.04.06"]
[Round "3.37"]
[White "Paveto, Kevin"]
[Black "Varela, Gaston"]
[Result "1/2-1/2"]
[WhiteElo "2057"]
[BlackElo "2323"]

1. e4 c5 2. Nf3 e6 3. d4 cxd4 4. Nxd4 a6 5. a4 Nf6 6. Bd3 Qc7 7. O-O Nc6 8.
Nxc6 dxc6 9. Qe2 e5 10. f4 Bc5+ 11. Kh1 Ng4 12. h3 h5 13. Na3 Qe7 14. Nc4 Qh4
15. Qf3 Nf2+ 16. Kh2 Ng4+ 17. Kh1 Nf2+ 1/2-1/2

[Event "Abierto Legislatura Norberto La Porta in memoriam"]
[Site "Buenos Aires, ARG"]
[Date "2009.04.06"]
[Round "3.38"]
[White "Echeguren, Gustavo"]
[Black "Mayorga, Nicolas"]
[Result "0-1"]
[WhiteElo "2040"]
[BlackElo "2306"]

1. e4 c5 2. Nf3 Nc6 3. d4 cxd4 4. Nxd4 Nf6 5. Nc3 e5 6. Ndb5 d6 7. a4 a6 8.
Na3 Be6 9. Bc4 Be7 10. O-O O-O 11. Re1 Rc8 12. Nd5 Kh8 13. c3 Bxd5 14. Bxd5
Nxd5 15. Qxd5 f5 16. exf5 Rxf5 17. Be3 Qe8 18. Nc4 Qg6 19. Rad1 Rd8 20. Nd2 e4
21. Qxe4 d5 22. Qc2 Ne5 23. Bd4 Nc6 24. Nf3 Rdf8 25. Ne5 Qg5 26. Be3 Qh4 27.
Nxc6 bxc6 28. Rd4 Qf6 29. Rg4 c5 30. b4 h5 31. Rg3 d4 32. cxd4 cxd4 33. Bxd4
Qxd4 34. Rf3 Rxf3 35. gxf3 Bh4 36. Re4 Qd8 37. Qc4 Qd1+ 0-1

[Event "Abierto Legislatura Norberto La Porta in memoriam"]
[Site "Buenos Aires, ARG"]
[Date "2009.04.06"]
[Round "3.39"]
[White "Garcia, Manuel"]
[Black "Ambrogi, Agustin"]
[Result "0-1"]
[WhiteElo "2032"]
[BlackElo "2255"]

1. d4 d5 2. c4 e6 3. Nc3 Nf6 4. Bg5 Nbd7 5. e3 c6 6. Nf3 Qa5 7. Bd3 Ne4 8.
Qa4 Qxa4 9. Nxa4 Nxg5 10. Nxg5 h6 11. Nf3 dxc4 12. Be2 b5 13. Nc3 Bb7 14. Kd2
a6 15. a3 Be7 16. Rhe1 O-O 17. Kc2 c5 18. Rad1 cxd4 19. Rxd4 Nc5 20. Red1 Bf6
21. Rd6 Rab8 22. Rf1 a5 23. g3 b4 24. Nb1 Be4+ 0-1

[Event "Abierto Legislatura Norberto La Porta in memoriam"]
[Site "Buenos Aires, ARG"]
[Date "2009.04.06"]
[Round "3.40"]
[White "Rago, Sergio"]
[Black "Heinecke, Victor"]
[Result "1/2-1/2"]
[WhiteElo "2250"]
[BlackElo "2026"]

1. e4 d6 2. d4 Nf6 3. Nc3 g6 4. Nf3 Bg7 5. Be2 O-O 6. O-O c5 7. dxc5 dxc5 8.
Be3 b6 9. e5 Ng4 10. Qd5 Qxd5 11. Nxd5 Nc6 12. Bg5 Ngxe5 13. Nxe5 Bxe5 14.
Bxe7 Nxe7 15. Nxe7+ Kg7 16. Bf3 Ba6 17. Rfe1 Bxb2 18. Rab1 Bc3 19. Re3 Bd4 20.
Ra3 Rae8 21. Nc6 Bc4 22. Nxd4 cxd4 23. Rxa7 b5 24. h4 Re5 1/2-1/2

[Event "Abierto Legislatura Norberto La Porta in memoriam"]
[Site "Buenos Aires, ARG"]
[Date "2009.04.06"]
[Round "3.42"]
[White "Pichot, Alan"]
[Black "Malbran, Guillermo"]
[Result "1/2-1/2"]
[WhiteElo "2014"]
[BlackElo "2238"]

1. e4 Nf6 2. e5 Nd5 3. d4 d6 4. c4 Nb6 5. exd6 exd6 6. Nc3 Be7 7. Bd3 Nc6 8.
Nge2 Bg4 9. Be3 Bh5 10. O-O O-O 11. Qd2 Bg6 12. b3 Bf6 13. h3 Re8 14. Rad1 a6
15. Bxg6 hxg6 16. d5 Ne5 17. Nd4 Ned7 18. g4 Nc5 19. g5 Bxd4 20. Bxd4 Ne4
21. Nxe4 Rxe4 22. f3 Re8 23. h4 Qd7 24. Kg2 Nc8 25. Qc3 Ne7 26. Rfe1 Nf5 27.
Bf2 b6 28. Re4 Re7 29. Rde1 Rae8 30. R1e2 a5 31. Qe1 Rxe4 32. fxe4 Ne7 33. Kg3
f5 34. gxf6 gxf6 35. Qc3 Nf5+ 36. Kh2 Nh6 37. Qf3 Ng4+ 38. Kg1 Kf7 39. Bd4
Ne5 40. Qf4 Qg4+ 41. Qxg4 Nxg4 42. Kg2 Ne5 43. Bxe5 Rxe5 44. a3 Re8 45. Kf3 Rh8
46. Kg3 Re8 47. Kf4 Rb8 48. Rc2 Rh8 49. Kg3 Re8 50. Kf4 Rh8 51. Kg3 Re8 52.
Kf4 Rh8 53. Kg3 Re8 54. Kf4 1/2-1/2

[Event "Abierto Legislatura Norberto La Porta in memoriam"]
[Site "Buenos Aires, ARG"]
[Date "2009.04.06"]
[Round "3.43"]
[White "Prieu, Gustavo"]
[Black "Grushka, Carlos"]
[Result "1/2-1/2"]
[WhiteElo "2003"]
[BlackElo "2235"]

1. d4 Nf6 2. c4 g6 3. Nc3 d5 4. cxd5 Nxd5 5. e4 Nxc3 6. bxc3 Bg7 7. Bc4 O-O
8. Ne2 c5 9. O-O Nc6 10. Be3 cxd4 11. cxd4 Bg4 12. f3 Na5 13. Bd3 Be6 14. d5
Bxa1 15. Qxa1 f6 16. Bh6 Re8 17. Nf4 Bf7 18. e5 fxe5 19. Qxe5 Qb6+ 20. Kh1 Qf6
21. Qe4 Qh4 22. Bg7 e5 23. Bxe5 Rad8 24. g4 Qe7 25. Re1 Qc5 26. Nh5 Bxd5 27.
Nf6+ Kf7 28. Nxd5 Qxd5 29. Qf4+ Kg8 30. Qf6 Rxe5 31. Rxe5 1/2-1/2

[Event "Abierto Legislatura Norberto La Porta in memoriam"]
[Site "Buenos Aires, ARG"]
[Date "2009.04.06"]
[Round "3.45"]
[White "Albarran, Gustavo"]
[Black "Heinecke, Lucas"]
[Result "0-1"]
[WhiteElo "2212"]
[BlackElo "1979"]

1. d4 Nf6 2. Nf3 c5 3. c3 b6 4. Bg5 Ne4 5. Bf4 d5 6. Nbd2 Nf6 7. h3 Nc6 8. e3
g6 9. Bb5 Bd7 10. Qa4 Qc8 11. Ne5 Nxe5 12. Bxe5 Bg7 13. e4 e6 14. exd5 exd5
15. dxc5 bxc5 16. O-O a6 17. Bxd7+ Qxd7 18. Qf4 Nh5 19. Qe3 Qe7 20. Rfe1 O-O
21. Bxg7 Qxe3 22. Rxe3 Nxg7 23. b4 Rac8 24. Nb3 d4 25. Rd3 c4 0-1

[Event "Abierto Legislatura Norberto La Porta in memoriam"]
[Site "Buenos Aires, ARG"]
[Date "2009.04.06"]
[Round "3.46"]
[White "Granara Barreto, Sebastian A."]
[Black "Plazaola, Sebastian"]
[Result "1-0"]
[WhiteElo "2198"]
[BlackElo "1977"]

1. d4 e6 2. c4 Nf6 3. Nc3 Bb4 4. e3 b6 5. Nge2 Bb7 6. a3 Be7 7. Nf4 d6 8. Bd3
Nbd7 9. f3 c5 10. d5 g5 11. dxe6 gxf4 12. exd7+ Qxd7 13. exf4 d5 14. cxd5
Bxd5 15. Bb5 Bc6 16. Qxd7+ Kxd7 17. Bc4 Rhg8 18. Kf2 Rg7 19. f5 h5 20. Bh6 Rh7
21. Bf4 Re8 22. Rhe1 Kd8 23. Rad1+ Nd7 24. Nd5 Bh4+ 25. g3 Rxe1 26. Kxe1 Bxd5
27. Rxd5 1-0

[Event "Abierto Legislatura Norberto La Porta in memoriam"]
[Site "Buenos Aires, ARG"]
[Date "2009.04.06"]
[Round "3.47"]
[White "Ocampos, Ian"]
[Black "Ferrara, Alexis"]
[Result "1/2-1/2"]
[WhiteElo "1973"]
[BlackElo "2196"]

1. d4 Nf6 2. c4 d6 3. Bg5 Nbd7 4. Nc3 c6 5. Nf3 e5 6. e4 Be7 7. Be2 O-O 8.
O-O Re8 9. Qd2 exd4 10. Nxd4 Nc5 11. Nf5 Ncxe4 12. Nxe7+ Qxe7 13. Nxe4 Nxe4 14.
Bxe7 Nxd2 15. Rfd1 Nxc4 16. Bxc4 Rxe7 17. Rxd6 Bf5 18. Rad1 Rae8 19. f3 Re1+
20. Rxe1 Rxe1+ 21. Kf2 Re8 22. g4 Bc8 23. g5 Kf8 24. h4 Ke7 25. Rd2 Be6 26.
Bxe6 fxe6 27. Ke3 Rd8 28. Rc2 Rd5 29. Rc4 Kd6 30. Rf4 Ke7 31. Rc4 e5 32. f4
Ke6 33. fxe5 Rxe5+ 34. Kf3 c5 35. b4 b5 36. Rc3 c4 37. Ra3 Rf5+ 38. Ke4 Rf7
39. Ra6+ Ke7 40. Rxa7+ Ke8 41. Ra8+ Kd7 42. Ra7+ Ke8 43. Ra8+ Kd7 1/2-1/2

[Event "Abierto Legislatura Norberto La Porta in memoriam"]
[Site "Buenos Aires, ARG"]
[Date "2009.04.06"]
[Round "3.49"]
[White "Pucill, Facundo"]
[Black "Pradines, Emmanuel"]
[Result "1-0"]
[WhiteElo "2170"]
[BlackElo "1965"]

1. e4 c5 2. Nf3 Nc6 3. d4 cxd4 4. Nxd4 g6 5. c4 Bg7 6. Be3 Nf6 7. Nc3 Ng4 8.
Qxg4 Nxd4 9. Qd1 Ne6 10. Rc1 Qa5 11. Be2 Qe5 12. O-O g5 13. g3 Nd4 14. Bh5
Rg8 15. Bxf7+ Kxf7 16. Qh5+ Ke6 17. Bxd4 Qxd4 18. Rcd1 Qe5 19. Rd5 Qf6 20. Qh3+
Kf7 21. Rf5 d6 22. Rxf6+ Bxf6 23. Qxh7+ Kf8 24. Nd5 Rg7 25. Qh8+ Rg8 26.
Qh6+ Kf7 27. Nxf6 exf6 28. Qh5+ Kg7 29. Rd1 Rh8 30. Qe2 Rd8 31. e5 Bf5 32. Rxd6
Rac8 33. g4 Rxd6 34. exd6 Bg6 35. d7 Rf8 1-0

[Event "Abierto Legislatura Norberto La Porta in memoriam"]
[Site "Buenos Aires, ARG"]
[Date "2009.04.06"]
[Round "3.50"]
[White "Plazaola, Maria De Los Angeles"]
[Black "Segovia, Luis"]
[Result "0-1"]
[WhiteElo "2160"]
[BlackElo "1930"]

1. e4 c5 2. Nf3 d6 3. d4 cxd4 4. Nxd4 Nf6 5. Nc3 g6 6. Be3 Bg7 7. f3 O-O 8.
Qd2 Nc6 9. g4 Bxg4 10. Be2 Nxd4 11. Bxd4 Be6 12. O-O-O Qa5 13. Kb1 Rfc8 14.
Nd5 Qxd2 15. Rxd2 Nxd5 16. exd5 Bf5 17. Bd1 Bxd4 18. Rxd4 Rc5 19. Re1 Kf8 20.
Kc1 Rac8 21. c3 Rc4 22. Rd2 b5 23. Be2 R4c5 24. Rd4 a5 25. a3 Rb8 26. Bd3 Bxd3
27. Rxd3 b4 28. axb4 axb4 29. Re4 bxc3 30. bxc3 Rbc8 31. Kd2 Rc4 32. Re1 Rh4
33. Re2 Rc5 34. Ke3 Rh5 35. Red2 Rc4 36. Rb2 Rch4 37. Rd4 Rxh2 38. Rb7 Re5+
39. Re4 Rxe4+ 40. Kxe4 h5 41. Kf4 Rg2 42. c4 h4 43. c5 dxc5 44. Rb8+ Kg7 45.
Rb7 h3 46. Rxe7 h2 0-1

[Event "Abierto Legislatura Norberto La Porta in memoriam"]
[Site "Buenos Aires, ARG"]
[Date "2009.04.07"]
[Round "4.01"]
[White "Goldwaser, Christian"]
[Black "Flores, Diego"]
[Result "1-0"]
[WhiteElo "2361"]
[BlackElo "2585"]

1. Nf3 g6 2. c4 Bg7 3. d4 d6 4. g3 Nf6 5. Bg2 O-O 6. O-O c5 7. dxc5 dxc5 8.
Ne5 Nfd7 9. Nd3 Nc6 10. Nc3 Nb6 11. Nxc5 Nxc4 12. Qa4 Nb6 13. Qh4 Qd4 14. N5e4
Bf5 15. Rd1 Qb4 16. a3 Qc4 17. b3 Qxb3 18. Rb1 Qc4 19. Rxb6 Bxe4 20. Rxc6
Qxc6 21. Nxe4 Rad8 22. Rf1 Rd4 23. Be3 Rc4 24. Nd2 Rxh4 25. Bxc6 Rh5 26. Bxb7
Rb8 27. Rb1 Ra5 28. Rb3 Ra4 29. Bc5 Bf8 30. Bc6 Rxb3 31. Bxa4 Rc3 32. Bb4 Rc1+
33. Kg2 e6 34. Kf3 a5 35. Nb3 Rb1 36. Bxf8 Kxf8 37. Nxa5 Ke7 38. Bc2 Rc1 39.
Bd3 Kd6 40. Nc4+ Kd5 41. a4 Rc3 42. a5 e5 43. Ne3+ Kd6 44. g4 f6 45. a6 Kc5
46. Ke4 Ra3 47. g5 Ra4+ 48. Bc4 fxg5 49. Kxe5 Kb6 50. Kf6 g4 51. Kg5 1-0

[Event "Abierto Legislatura Norberto La Porta in memoriam"]
[Site "Buenos Aires, ARG"]
[Date "2009.04.07"]
[Round "4.02"]
[White "Rodriguez Vila, Andres"]
[Black "Lujan, Carolina"]
[Result "1-0"]
[WhiteElo "2524"]
[BlackElo "2360"]

1. e4 c5 2. Nf3 Nc6 3. d4 cxd4 4. Nxd4 Nf6 5. Nc3 e5 6. Ndb5 d6 7. Bg5 a6 8.
Na3 b5 9. Nd5 Be7 10. Bxf6 Bxf6 11. c3 O-O 12. Nc2 Bg5 13. a4 bxa4 14. Rxa4
a5 15. Nce3 Bxe3 16. Nxe3 Be6 17. Bc4 Rb8 18. Qd2 Qd7 19. O-O Rfd8 20. Rfa1
Qb7 21. Bd5 Qb5 22. Nc4 h6 23. h3 Bxd5 24. Qxd5 Qc5 25. R1a2 Rbc8 26. Nxa5 Ne7
27. Qxc5 dxc5 28. Nc4 Rd1+ 29. Kh2 Rf1 30. Ra8 Rxa8 31. Rxa8+ Kh7 32. Ra7 Ng6
33. Rxf7 Kg8 34. Rf5 Nh4 35. Rxe5 g5 36. Kg3 Rg1 37. Ne3 Rb1 38. Rxc5 Rxb2
39. Ng4 1-0

[Event "Abierto Legislatura Norberto La Porta in memoriam"]
[Site "Buenos Aires, ARG"]
[Date "2009.04.07"]
[Round "4.03"]
[White "Filgueira, Hernan"]
[Black "Valerga, Diego"]
[Result "1/2-1/2"]
[WhiteElo "2354"]
[BlackElo "2523"]

1. d4 Nf6 2. c4 g6 3. Nc3 d5 4. Nf3 Bg7 5. Bg5 Ne4 6. Bh4 Nxc3 7. bxc3 dxc4
8. Qa4+ Nd7 9. e3 O-O 10. Qa3 c5 11. Bxc4 cxd4 12. cxd4 Nf6 13. O-O Bf5 14.
Rfc1 h6 15. Qb3 Be4 16. Ne5 e6 17. f3 1/2-1/2

[Event "Abierto Legislatura Norberto La Porta in memoriam"]
[Site "Buenos Aires, ARG"]
[Date "2009.04.07"]
[Round "4.04"]
[White "Mareco, Sandro"]
[Black "Schweber, Samuel"]
[Result "1/2-1/2"]
[WhiteElo "2512"]
[BlackElo "2349"]

1. d4 Nf6 2. c4 e6 3. Nc3 Bb4 4. e3 c5 5. Bd3 d5 6. Nf3 O-O 7. O-O dxc4 8.
Bxc4 Nbd7 9. Qe2 Qe7 10. Rd1 e5 11. dxe5 Bxc3 12. exf6 Bxf6 13. e4 Ne5 14. Nxe5
Bxe5 15. Be3 Be6 16. Bxe6 Qxe6 17. Bxc5 Bxh2+ 18. Kxh2 Qe5+ 19. Kg1 Qxc5 20.
Rd7 Qc6 1/2-1/2

[Event "Abierto Legislatura Norberto La Porta in memoriam"]
[Site "Buenos Aires, ARG"]
[Date "2009.04.07"]
[Round "4.05"]
[White "Real De Azua, Ernesto"]
[Black "Blit, Jacques"]
[Result "1/2-1/2"]
[WhiteElo "2446"]
[BlackElo "2324"]

1. d4 c5 2. d5 e5 3. e4 d6 4. Nc3 g6 5. Be2 Nh6 6. h4 a6 7. a4 Bg7 8. Nf3 f6
9. h5 Nd7 10. a5 Nf7 11. Nd2 b5 12. axb6 Nxb6 13. hxg6 hxg6 14. Rxh8+ Bxh8
15. Nc4 Nxc4 16. Bxc4 f5 17. Qe2 Qh4 18. g3 Qh2 19. Bd2 f4 1/2-1/2

[Event "Abierto Legislatura Norberto La Porta in memoriam"]
[Site "Buenos Aires, ARG"]
[Date "2009.04.07"]
[Round "4.06"]
[White "Quiroga, Facundo"]
[Black "Diaz Hollemaert, Nahuel"]
[Result "0-1"]
[WhiteElo "2329"]
[BlackElo "2443"]

1. d4 d5 2. c4 c6 3. Nf3 Nf6 4. Nc3 e6 5. e3 Nbd7 6. Qc2 Bd6 7. b3 O-O 8. Bb2
a6 9. Bd3 b6 10. O-O Bb7 11. Rad1 Qc7 12. e4 dxc4 13. Bxc4 e5 14. h3 b5 15.
Be2 Rfe8 16. dxe5 Nxe5 17. Nh4 Ng6 18. Nxg6 hxg6 19. Bf3 Re7 20. Rfe1 Rae8
21. Re2 Nh5 22. Red2 Bf4 23. Rd3 Nf6 24. g3 Be5 25. a3 a5 26. b4 g5 27. Qc1
axb4 28. axb4 Bc8 29. Bg2 g4 30. hxg4 Nxg4 31. Nb1 Qb6 32. Qc2 Be6 33. Bd4 Bxd4
34. Rxd4 Ra7 35. Nc3 Bc4 36. Qd2 Ra3 37. e5 Nxe5 38. Qg5 f6 39. Qf5 Rxc3 40.
Be4 Rc1 41. Qh7+ Kf8 42. Qh8+ Bg8 43. Kg2 0-1

[Event "Abierto Legislatura Norberto La Porta in memoriam"]
[Site "Buenos Aires, ARG"]
[Date "2009.04.07"]
[Round "4.07"]
[White "Meza, Hugo"]
[Black "Liascovich, Lucas"]
[Result "1/2-1/2"]
[WhiteElo "2315"]
[BlackElo "2439"]

1. d4 d6 2. c4 e5 3. Nf3 e4 4. Nfd2 f5 5. e3 Nf6 6. Nc3 g6 7. Be2 Bh6 8. b4
O-O 9. O-O c6 10. a4 a5 11. b5 Re8 12. Rb1 Be6 13. d5 Bf7 14. dxc6 bxc6 15.
Nb3 c5 16. Qd2 Bf8 17. Rd1 Nbd7 18. Qe1 Qe7 19. Bd2 Nb6 20. Nd5 Bxd5 21. cxd5
Nxa4 22. Bxa5 {Planilla Ilegible} 1/2-1/2

[Event "Abierto Legislatura Norberto La Porta in memoriam"]
[Site "Buenos Aires, ARG"]
[Date "2009.04.07"]
[Round "4.08"]
[White "Cubas, Jose Fernando"]
[Black "Wisniacki, Flavio"]
[Result "1-0"]
[WhiteElo "2434"]
[BlackElo "2297"]

1. e4 c5 2. Nf3 e6 3. d4 cxd4 4. Nxd4 a6 5. Nc3 Qc7 6. Bd3 Nf6 7. Qe2 d6 8.
g4 b5 9. g5 Nfd7 10. Be3 Bb7 11. a3 g6 12. h4 Bg7 13. O-O-O O-O 14. h5 Nc6 15.
hxg6 hxg6 16. Nxc6 Qxc6 17. Rh3 Rfc8 18. Rdh1 Nc5 19. Rh7 Qc7 20. Qf3 Nxd3+
21. cxd3 Bxc3 22. bxc3 Qxc3+ 23. Kd1 Qxd3+ 24. Ke1 Qb1+ 25. Ke2 Rc2+ 26. Bd2
Rxd2+ 27. Kxd2 Qb2+ 28. Ke1 Qc1+ 29. Ke2 Qb2+ 30. Ke3 Qxa3+ 31. Kf4 Qxf3+ 32.
Kxf3 Kf8 33. Rc1 Kg8 34. Rch1 Kf8 35. Rc1 Kg8 36. Rhh1 d5 37. Kf4 dxe4 38.
Rc7 Bd5 39. Ke5 e3 40. Re1 exf2 41. Rf1 a5 42. Rxf2 Rf8 43. Rc3 Kg7 44. Rh3
Rh8 45. Rxh8 Kxh8 46. Rxf7 Kg8 47. Ra7 a4 48. Kf6 Be4 49. Ra5 Bd3 50. Ra8+ Kh7
51. Ra7+ Kg8 52. Rd7 Bc2 53. Rd2 Bf5 54. Rd8+ Kh7 55. Kf7 e5 56. Rd2 Be6+ 57.
Kxe6 Kg7 58. Rb2 1-0

[Event "Abierto Legislatura Norberto La Porta in memoriam"]
[Site "Buenos Aires, ARG"]
[Date "2009.04.07"]
[Round "4.09"]
[White "Villanueva, Mario"]
[Black "Bronstein, Luis Marcos"]
[Result "1-0"]
[WhiteElo "2311"]
[BlackElo "2401"]

1. e4 e5 2. Nf3 Nc6 3. Bc4 Nf6 4. Ng5 d5 5. exd5 Nd4 6. c3 b5 7. Bf1 Nxd5 8.
Ne4 Qh4 9. Ng3 Bg4 10. f3 e4 11. cxd4 Bd6 12. Bxb5+ Kd8 13. Qb3 Bxg3+ 14. Kd1
Be6 15. Bc6 exf3 16. Bxd5 fxg2 17. Qxg3 Qh5+ 18. Kc2 gxh1=Q 19. Bxh1 Rb8 20.
Nc3 Rb4 21. d3 Rxd4 22. Qxg7 1-0